<?xml version="1.0" encoding="UTF-8"?><?xml-stylesheet type="text/xsl" href="static/style.xsl"?><OAI-PMH xmlns="http://www.openarchives.org/OAI/2.0/" xmlns:xsi="http://www.w3.org/2001/XMLSchema-instance" xsi:schemaLocation="http://www.openarchives.org/OAI/2.0/ http://www.openarchives.org/OAI/2.0/OAI-PMH.xsd"><responseDate>2026-04-29T00:59:53Z</responseDate><request verb="GetRecord" identifier="oai:repisalud.isciii.es:20.500.12105/14863" metadataPrefix="marc">https://repisalud.isciii.es/rest/oai/request</request><GetRecord><record><header><identifier>oai:repisalud.isciii.es:20.500.12105/14863</identifier><datestamp>2024-11-29T11:04:47Z</datestamp><setSpec>com_20.500.12105_2052</setSpec><setSpec>com_20.500.12105_2051</setSpec><setSpec>com_20.500.12105_15322</setSpec><setSpec>col_20.500.12105_19608</setSpec><setSpec>col_20.500.12105_16981</setSpec></header><metadata><record xmlns="http://www.loc.gov/MARC21/slim" xmlns:dcterms="http://purl.org/dc/terms/" xmlns:doc="http://www.lyncode.com/xoai" xmlns:xsi="http://www.w3.org/2001/XMLSchema-instance" xsi:schemaLocation="http://www.loc.gov/MARC21/slim http://www.loc.gov/standards/marcxml/schema/MARC21slim.xsd">
   <leader>00925njm 22002777a 4500</leader>
   <datafield ind2=" " ind1=" " tag="042">
      <subfield code="a">dc</subfield>
   </datafield>
   <datafield ind2=" " ind1=" " tag="720">
      <subfield code="a">Ojeda Sánchez, Carlos</subfield>
      <subfield code="e">author</subfield>
   </datafield>
   <datafield ind2=" " ind1=" " tag="720">
      <subfield code="a">García-Pérez, Javier</subfield>
      <subfield code="e">author</subfield>
   </datafield>
   <datafield ind2=" " ind1=" " tag="720">
      <subfield code="a">Gomez-Barroso, Diana</subfield>
      <subfield code="e">author</subfield>
   </datafield>
   <datafield ind2=" " ind1=" " tag="720">
      <subfield code="a">Domínguez-Castillo, Alejandro</subfield>
      <subfield code="e">author</subfield>
   </datafield>
   <datafield ind2=" " ind1=" " tag="720">
      <subfield code="a">Pardo Romaguera, Elena</subfield>
      <subfield code="e">author</subfield>
   </datafield>
   <datafield ind2=" " ind1=" " tag="720">
      <subfield code="a">Cañete, Adela</subfield>
      <subfield code="e">author</subfield>
   </datafield>
   <datafield ind2=" " ind1=" " tag="720">
      <subfield code="a">Ortega-García, Juan A</subfield>
      <subfield code="e">author</subfield>
   </datafield>
   <datafield ind2=" " ind1=" " tag="720">
      <subfield code="a">Ramis, Rebeca</subfield>
      <subfield code="e">author</subfield>
   </datafield>
   <datafield ind2=" " ind1=" " tag="260">
      <subfield code="c">2022-04-25</subfield>
   </datafield>
   <datafield ind2=" " ind1=" " tag="520">
      <subfield code="a">Background: Blue spaces have been a key part of human evolution, providing resources and helping economies develop. To date, no studies have been carried out to explore how they may be linked to paediatric oncological diseases. Objectives: To explore the possible relationship of residential proximity to natural and urban blue spaces on childhood leukaemia. Methods: A population-based case–control study was conducted in four regions of Spain across the period 2000–2018. A total of 936 incident cases and 5616 controls were included, individually matched by sex, year of birth and place of residence. An exposure proxy with four distances (250 m, 500 m, 750 m, and 1 km) to blue spaces was built using the geographical coordinates of the participants’ home residences. Odds ratios (ORs) and 95% confidence intervals (95%CIs) for blue-space exposure were calculated for overall childhood leukaemia, and the acute lymphoblastic (ALL) and acute myeloblastic leukaemia (AML) subtypes, with adjustment for socio-demographic and environmental covariates. Results: A decrease in overall childhood leukaemia and ALL-subtype incidence was found as we came nearer to children’s places of residence, showing, for the study as a whole, a reduced incidence at 250 m (odds ratio (OR) = 0.77; 95%CI = 0.60–0.97), 500 m (OR = 0.78; 95%CI = 0.65–0.93), 750 m (OR = 0.80; 95%CI = 0.69–0.93), and 1000 m (OR = 0.84; 95%CI = 0.72–0.97). AML model results showed an increasing incidence at closest to subjects’ homes (OR at 250m = 1.06; 95%CI=0.63–1.71). Conclusions: Our results suggest a possible association between lower childhood leukaemia incidence and blue-space proximity. This study is a first approach to blue spaces’ possible effects on childhood leukaemia incidence; consequently, it is necessary to continue studying these spaces—while taking into account more individualised data and other possible environmental risk factors.</subfield>
   </datafield>
   <datafield ind1="8" ind2=" " tag="024">
      <subfield code="a">Int J Environ Res Public Health. 2022 Apr 25;19(9):5232.</subfield>
   </datafield>
   <datafield ind1="8" ind2=" " tag="024">
      <subfield code="a">http://hdl.handle.net/20.500.12105/14863</subfield>
   </datafield>
   <datafield ind1="8" ind2=" " tag="024">
      <subfield code="a">35564626</subfield>
   </datafield>
   <datafield ind1="8" ind2=" " tag="024">
      <subfield code="a">10.3390/ijerph19095232</subfield>
   </datafield>
   <datafield ind1="8" ind2=" " tag="024">
      <subfield code="a">1660-4601</subfield>
   </datafield>
   <datafield ind1="8" ind2=" " tag="024">
      <subfield code="a">International Journal of Environmental Research and Public Health</subfield>
   </datafield>
   <datafield tag="653" ind2=" " ind1=" ">
      <subfield code="a">Urban blue spaces</subfield>
   </datafield>
   <datafield tag="653" ind2=" " ind1=" ">
      <subfield code="a">Environmental factors</subfield>
   </datafield>
   <datafield tag="653" ind2=" " ind1=" ">
      <subfield code="a">Childhood cancer</subfield>
   </datafield>
   <datafield tag="653" ind2=" " ind1=" ">
      <subfield code="a">Childhood leukaemia</subfield>
   </datafield>
   <datafield tag="653" ind2=" " ind1=" ">
      <subfield code="a">Incidence</subfield>
   </datafield>
   <datafield tag="653" ind2=" " ind1=" ">
      <subfield code="a">Spatial epidemiology</subfield>
   </datafield>
   <datafield ind2="0" ind1="0" tag="245">
      <subfield code="a">Exploring Blue Spaces' Effects on Childhood Leukaemia Incidence: A Population-Based Case-Control Study in Spain</subfield>
   </datafield>
</record></metadata></record></GetRecord></OAI-PMH>